000 00302nam a22001337a 4500
008 181022b xxu||||| |||| 00| 0 eng d
020 _a9780198523673
041 _aeng
080 _a159.9
100 _a48
101 _aPSI
245 _aIQ and Human Intelligence
_cMackintosh,N.J
942 _2udc
_cBK
999 _c50396
_d50396